[Event "GER T234-E87-S email"]
[Site "GER email"]
[Date "2016.03.13"]
[Round "?"]
[White "Kietzmann, Swen Kai"]
[Black "Hoexter, Heinrich"]
[Result "1-0"]
[WhiteElo "1836"]
[BlackElo "2061"]
[PlyCount "34"]
[EventDate "2016.03.18"]
[EventType "tourn (corr)"]
[EventRounds "8"]
[EventCountry "GER"]
[SourceTitle "Corr 2020"]
[Source "ChessBase"]
[SourceDate "2019.09.30"]
[SourceVersion "1"]
[SourceVersionDate "2019.09.30"]
[SourceQuality "1"]

1. d4 Nf6 2. c4 g6 3. Nc3 Bg7 4. e4 d6 5. f3 0-0 6. Be3 e5 7. d5 Nh5 8. Qd2 f5 9. exf5 gxf5 10. 0-0-0 f4 11. Bf2 Nf6 12. Bd3 c6 13. Nge2 cxd5 14. cxd5 Na6 15. a3 b6 16. g3 Nc5 17. Bc2 Bf5 1-0

[Event "GER T234-E87-S email"]
[Site "GER email"]
[Date "2016.03.13"]
[Round "?"]
[White "Thau, Oliver"]
[Black "Kietzmann, Swen Kai"]
[Result "0-1"]
[WhiteElo "1510"]
[BlackElo "1836"]
[PlyCount "38"]
[EventDate "2016.03.18"]
[EventType "tourn (corr)"]
[EventRounds "8"]
[EventCountry "GER"]
[SourceTitle "Corr 2020"]
[Source "ChessBase"]
[SourceDate "2019.09.30"]
[SourceVersion "1"]
[SourceVersionDate "2019.09.30"]
[SourceQuality "1"]

1. d4 Nf6 2. c4 g6 3. Nc3 Bg7 4. e4 d6 5. f3 0-0 6. Be3 e5 7. d5 Nh5 8. Qd2 f5 9. 0-0-0 Nd7 10. Bd3 fxe4 11. Nxe4 Nf4 12. Bc2 b5 13. c5 Nf6 14. g3 N4xd5 15. Nxf6+ Nxf6 16. cxd6 cxd6 17. Qxd6 Qxd6 18. Rxd6 Bb7 19. Kb1 Ng4 0-1